00399nmm a22001577a 450000500170000000800410001704100080005808200110006610000280007724500660010526000090017165000150018065000120019565000170020765000170022420181115101446.0181115b xxu||||| |||| 00| 0 spa d aspa aTU 108 aHernández Mena, Elena aDepartamento de restaurante y recepción del Hotel el Guarco c2017 aCOSTA RICA aHOTELES aRECEPCIÓN  aRESTAURANTES